000 00610nam a22002297a 4500
003 UA-OsUOA
001 25759
007 ta
008 20040427b un ||||| |||| 00| 0 ukr d
090 _a35
_bП47
942 _cBK
040 _aUA-OsUOA
_bukr
_cUA-OsUOA
_dUA-OsUOA
245 _aПозики на розвиток інфраструктури міст
_bМетодичний посібник
_cВересень 1999
300 _a116 с.
955 _a0
041 _aukr
080 _a35
260 _aСША
_bResearch Triangle Institute
_c1999
044 _aUS
650 7 _2UDC
999 _c312059
_d312059